Tratados sobre os princípios do entendimento humano. (Record no. 154314)

MARC details
000 -LÍDER
campo de controle de tamanho fixo 00427 a2200157 4500
001 - NÚMERO DE CONTROLE
campo de controle 154314
040 ## - FONTE DA CATALOGAÇÃO
Instituição que transcreveu o registro Escola São Tomás de Aquino
100 ## - ENTRADA PRINCIPAL--NOME PESSOAL
Nome pessoal BERKELEY, Hume
240 10 - TÍTULO UNIFORME
Título uniforme Tratados sobre os princípios do entendimento humano.
Idioma da obra por
245 10 - TÍTULO
Título Tratados sobre os princípios do entendimento humano.
300 ## - DESCRIÇÃO FÍSICA
Extensão 271
362 0# - DATAS DE PUBLICAÇÃO E/OU DESIGNAÇÃO SEQUENCIAL
Datas de publicação e/ou designação sequencial 1992
440 #1 - DECLARAÇÃO DE SÉRIE/ENTRADA ADICIONADA--TÍTULO
Título Nova cultural
697 ## - ENTRADA DE ASSUNTO LOCAL--ENTIDADE COLETIVA (RLIN)
Nome corporativo ou nome da jurisdição FILOSOFIA E PSICOLOGIA
942 ## - ELEMENTOS DE ENTRADA ADICIONADOS (KOHA)
Tipo de material Koha Livros
Holdings
Situação do descarte Situação das perdas Situação física Não pode ser emprestado Biblioteca de origem Biblioteca atual Data de aquisição Total de empréstimos Número de chamada completo Código de barras Data de último acesso Data do preço efetivo Tipo de material Koha
        ESTA - SÃO BENTO ESTA - SÃO BENTO 30/04/2024   100 BER TRA EST00008383 30/04/2024 30/04/2024 Livros